| 000 | 00556nam a22001697a 4500 | ||
|---|---|---|---|
| 999 |
_c175721 _d175721 |
||
| 005 | 20200923105335.0 | ||
| 010 | _aENG-128450 | ||
| 020 |
_c300.00 _a9788193731635 |
||
| 035 | _aEN-111982 | ||
| 037 | _bDBAD/PUB | ||
| 082 | _a954.35 | ||
| 245 |
_aSai Papineni Amaravati thropugh ages: _bAs told by the waves of Kistna |
||
| 260 |
_aVijaywada _bSahithi Emesco _c2019 |
||
| 270 |
_a33-22-2, Chandram Buildings, C.R.Road, Chuttungunta _bVijaywada _e520004 _k8121088500 |
||
| 300 |
_a126p. _c20cm(pbk) _b Maps |
||
| 942 |
_2ddc _cEN _h954.35 _mSAI |
||